[Event "SVK-chT2A 2425"]
[Site "Slovakia"]
[Date "2024.11.10"]
[Round "2.7"]
[White "Nosal, Tobias"]
[Black "Visvader, Kristof"]
[Result "1-0"]
[WhiteElo "1796"]
[BlackElo "1715"]
[PlyCount "65"]
[EventDate "2024.11.09"]
[EventType "team-tourn"]
[EventRounds "11"]
[EventCountry "SVK"]
[SourceTitle "CB51_2024"]
[SourceDate "2024.12.18"]
[SourceVersion "1"]
[SourceVersionDate "2024.12.18"]
[SourceQuality "1"]
[WhiteTeam "Pezinok"]
[BlackTeam "Osuske II"]
[WhiteTeamCountry "SVK"]
[BlackTeamCountry "SVK"]

1. Nf3 d6 2. d4 Nf6 3. g3 Nbd7 4. Bg2 c6 5. c4 Qc7 6. Nc3 g6 7. 0-0 Bg7 8. d5 0-0 9. e4 Nc5 10. Nd2 Nd3 11. Qe2 Nxc1 12. Raxc1 e5 13. b4 a6 14. Nb3 Bd7 15. Rfd1 Rfd8 16. c5 cxd5 17. Nxd5 Nxd5 18. exd5 Bh6 19. Rc3 f5 20. c6 bxc6 21. dxc6 Be6 22. Bd5 Bxd5 23. Rxd5 e4 24. Qc4 Kf8 25. Nd4 Re8 26. Ra5 Bg7 27. Rc2 Qc8 28. b5 axb5 29. Rxb5 Re5 30. Rb7 Re7 31. Rcb2 Bxd4 32. Qxd4 Qe6 33. Qh8+ 1-0

[Event "SVK-ch rapid"]
[Site "Modra"]
[Date "2024.10.05"]
[Round "1"]
[White "Liptak, Dusan"]
[Black "Nosal, Tobias"]
[Result "0-1"]
[WhiteElo "2129"]
[BlackElo "1769"]
[PlyCount "79"]
[EventDate "2024.10.05"]
[EventType "swiss (rapid)"]
[EventRounds "9"]
[EventCountry "SVK"]
[SourceTitle "EXT 2025"]
[Source "ChessBase"]
[SourceDate "2024.10.14"]
[SourceVersion "1"]
[SourceVersionDate "2024.10.14"]
[SourceQuality "1"]
[WhiteTeam "Slovakia"]
[BlackTeam "Slovakia"]
[WhiteTeamCountry "SVK"]
[BlackTeamCountry "SVK"]

1. d4 e6 2. c4 d5 3. Nf3 Nf6 4. Nc3 c5 5. cxd5 Nxd5 6. e4 Nxc3 7. bxc3 cxd4 8. cxd4 Bb4+ 9. Bd2 Bxd2+ 10. Qxd2 0-0 11. Bc4 Nd7 12. 0-0 b6 13. Rad1 Bb7 14. Rfe1 Rc8 15. Bb3 Re8 16. h4 Nf6 17. Qf4 Qc7 18. Ne5 Qe7 19. g4 Nd7 20. Nc4 Red8 21. g5 Ba6 22. Ne3 Bb7 23. Ng4 Nf8 24. h5 Qc7 25. Ne5 Qe7 26. Re3 Nd7 27. Ng4 Nf8 28. Rg3 b5 29. Ne5 a5 30. a4 b4 31. g6 hxg6 32. hxg6 Nxg6 33. Nxg6 fxg6 34. Rxg6 Rc6 35. Qg4 Bc8 36. e5 Qf7 37. Rg5 Rf8 38. Qg3 Bd7 39. Rd2 Bc8 40. d5 0-1

[Event "SVK-ch rapid"]
[Site "Modra"]
[Date "2024.10.05"]
[Round "3"]
[White "Nosal, Tobias"]
[Black "Sevcikova, Lucia"]
[Result "0-1"]
[WhiteElo "1769"]
[BlackElo "2016"]
[PlyCount "71"]
[EventDate "2024.10.05"]
[EventType "swiss (rapid)"]
[EventRounds "9"]
[EventCountry "SVK"]
[SourceTitle "EXT 2025"]
[Source "ChessBase"]
[SourceDate "2024.10.14"]
[SourceVersion "1"]
[SourceVersionDate "2024.10.14"]
[SourceQuality "1"]
[WhiteTeam "Slovakia"]
[BlackTeam "Slovakia"]
[WhiteTeamCountry "SVK"]
[BlackTeamCountry "SVK"]

1. Nf3 d5 2. g3 c6 3. Bg2 Nf6 4. 0-0 Bf5 5. c4 e6 6. Qb3 Qb6 7. d3 Nbd7 8. cxd5 exd5 9. Qc2 Qc5 10. Qxc5 Bxc5 11. b3 0-0 12. Be3 Rfe8 13. Bxc5 Nxc5 14. Nc3 Rad8 15. d4 Nce4 16. Na4 b5 17. Nb2 Nc3 18. e3 Nfe4 19. Rfe1 f6 20. Nd1 a5 21. a4 Nxd1 22. Rexd1 Nc3 23. Rd2 Ra8 24. Ne1 b4 25. Nd3 Bxd3 26. Rxd3 Rac8 27. Bf1 c5 28. Rd2 c4 29. Rb2 Ne4 30. Rc2 c3 31. Bb5 Nd2 32. Ba6 Rcd8 33. Bd3 Rb8 34. Kg2 Rec8 35. Bb5 Ne4 36. Kg1 0-1

[Event "Bratislava exe op 2nd"]
[Site "Bratislava"]
[Date "2024.09.20"]
[Round "7"]
[White "Blazek, Milos"]
[Black "Nosal, Tobias"]
[Result "0-1"]
[WhiteElo "1952"]
[BlackElo "1800"]
[PlyCount "66"]
[EventDate "2024.09.14"]
[EventType "swiss"]
[EventRounds "9"]
[EventCountry "SVK"]
[SourceTitle "EXT 2025"]
[Source "ChessBase"]
[SourceDate "2024.10.14"]
[SourceVersion "1"]
[SourceVersionDate "2024.10.14"]
[SourceQuality "1"]

1. e4 e6 2. d4 d5 3. Nc3 Bb4 4. e5 c5 5. a3 Ba5 6. b4 cxd4 7. Nb5 Bc7 8. f4 Bd7 9. Nxd4 Ne7 10. Qg4 g6 11. h4 Nf5 12. Nxf5 exf5 13. Qg3 h5 14. Bb2 Be6 15. 0-0-0 Nd7 16. Nf3 Qe7 17. Nd4 Rg8 18. Qb3 Nb6 19. g3 Kf8 20. Bd3 Rc8 21. Kb1 Bb8 22. Bc1 Kg7 23. Be2 Nc4 24. Bf3 a6 25. a4 Ba7 26. Rd3 Rc7 27. Rhd1 Rgc8 28. Rc3 Qe8 29. a5 b6 30. axb6 Bxb6 31. Ne2 d4 32. Nxd4 Bxd4 33. Rxd4 Nd2+ 0-1

[Event "Piestany Slovakia op-B"]
[Site "Piestany"]
[Date "2024.07.13"]
[Round "5"]
[White "Sosovickova, Jana"]
[Black "Nosal, Tobias"]
[Result "1-0"]
[WhiteElo "1964"]
[BlackElo "1779"]
[PlyCount "111"]
[EventDate "2024.07.09"]
[EventType "swiss"]
[EventRounds "9"]
[EventCountry "SVK"]
[SourceTitle "EXT 2025"]
[Source "ChessBase"]
[SourceDate "2024.10.14"]
[SourceVersion "1"]
[SourceVersionDate "2024.10.14"]
[SourceQuality "1"]

1. e4 e6 2. d4 d5 3. Nc3 Nf6 4. Bg5 dxe4 5. Nxe4 Nbd7 6. Nf3 h6 7. Bh4 Be7 8. Ned2 c5 9. Nb3 cxd4 10. Nfxd4 a6 11. Be2 0-0 12. 0-0 Ne4 13. Bxe7 Qxe7 14. Bf3 Ng5 15. Re1 Rd8 16. Na5 Nxf3+ 17. Qxf3 Qc5 18. Nab3 Qb6 19. Qg3 Nc5 20. Re3 Nxb3 21. Nxb3 Bd7 22. Qf4 Be8 23. Rae1 Qd6 24. Qg4 Rac8 25. Rg3 Qf8 26. c3 Bd7 27. Qf4 Kh8 28. Na5 Bc6 29. Nc4 f6 30. Na5 e5 31. Qe3 Rd7 32. h4 Qd8 33. Nb3 Ba4 34. Nc5 Rxc5 35. Qxc5 Rd1 36. Rxd1 Qxd1+ 37. Kh2 Qd7 38. Qf8+ Kh7 39. Qb4 Bc6 40. Qc4 Bb5 41. Qe4+ Kh8 42. b3 Bc6 43. Qb4 e4 44. a4 f5 45. Rg6 Kh7 46. Rd6 Qe8 47. Qc5 Qh5 48. g3 Qg4 49. Qe5 Qf3 50. Qf4 Qh5 51. Rd8 Qg6 52. Rf8 Bd7 53. a5 Qe6 54. c4 Qg6 55. Qb8 Qe6 56. h5 1-0

[Event "Piestany Slovakia op-B"]
[Site "Piestany"]
[Date "2024.07.10"]
[Round "2"]
[White "Hrbek, Jachym"]
[Black "Nosal, Tobias"]
[Result "1-0"]
[WhiteElo "1943"]
[BlackElo "1779"]
[PlyCount "195"]
[EventDate "2024.07.09"]
[EventType "swiss"]
[EventRounds "9"]
[EventCountry "SVK"]
[SourceTitle "EXT 2025"]
[Source "ChessBase"]
[SourceDate "2024.10.14"]
[SourceVersion "1"]
[SourceVersionDate "2024.10.14"]
[SourceQuality "1"]

1. e4 e6 2. d4 d5 3. Nc3 Nf6 4. Bg5 Bb4 5. e5 h6 6. Bd2 Bxc3 7. bxc3 Ne4 8. Qg4 g6 9. Nf3 c5 10. Bd3 Nxd2 11. Nxd2 Nc6 12. 0-0 Qg5 13. Qe2 c4 14. Bxc4 dxc4 15. Ne4 Qe7 16. Nf6+ Kf8 17. Rfe1 Qd8 18. Rad1 Ne7 19. Qxc4 Nd5 20. Ne4 Bd7 21. Nd6 Qc7 22. Qxc7 Nxc7 23. Nxb7 Rb8 24. Rb1 Ke7 25. c4 Bc6 26. Nd6 Rhd8 27. Rb3 Ne8 28. c5 Rxb3 29. axb3 Nxd6 30. cxd6+ Kd7 31. Ra1 Ra8 32. Ra5 a6 33. f3 Bb7 34. Kf2 Bc8 35. Ke3 Rb8 36. Rc5 Kd8 37. Rc7 Rb7 38. Rc5 Rb5 39. Rc7 Rb7 40. Rc6 Kd7 41. Rc5 Kd8 42. d5 exd5 43. Rxd5 Be6 44. Ra5 Rb6 45. Rc5 Rb8 46. Kd4 Rb4+ 47. Kc3 Rb8 48. Kd4 Rb4+ 49. Ke3 Rb8 50. f4 Bf5 51. Rc7 Be6 52. Ra7 Rb6 53. Kd4 Rc6 54. c4 h5 55. g3 Rb6 56. Kc3 Rc6 57. Ra8+ Kd7 58. Rb8 Rc8 59. Rb6 Rc6 60. Rb8 Rc8 61. Rb7+ Kc6 62. Ra7 Kb6 63. Re7 a5 64. Kb2 Kc6 65. Ka3 Kb6 66. Ka4 Ka6 67. h3 Kb6 68. g4 hxg4 69. hxg4 Bxc4 70. bxc4 Rxc4+ 71. Kb3 Rxf4 72. Re8 Kc6 73. Rc8+ Kd7 74. Rc7+ Kd8 75. Ra7 Re4 76. Rxa5 Rxg4 77. Kc3 Rf4 78. Kd3 Kd7 79. Ra7+ Ke8 80. Ke3 Rb4 81. Ra8+ Kd7 82. Rf8 Ke6 83. Re8+ Kd7 84. Re7+ Kd8 85. Rxf7 Rb1 86. Rg7 Re1+ 87. Kd4 Rd1+ 88. Ke4 Ke8 89. Rxg6 Kd7 90. Rg7+ Ke8 91. Kf5 Rh1 92. Re7+ Kd8 93. Ke6 Rh6+ 94. Kd5 Rh1 95. Ra7 Rh6 96. Ra8+ Kd7 97. e6+ Rxe6 98. Ra7+ 1-0

[Event "Piestany Slovakia op-B"]
[Site "Piestany"]
[Date "2024.07.09"]
[Round "1"]
[White "Nosal, Tobias"]
[Black "Ruggiero, Chance Timothy"]
[Result "1-0"]
[WhiteElo "1779"]
[BlackElo "1000"]
[PlyCount "51"]
[EventDate "2024.07.09"]
[EventType "swiss"]
[EventRounds "9"]
[EventCountry "SVK"]
[SourceTitle "EXT 2025"]
[Source "ChessBase"]
[SourceDate "2024.10.14"]
[SourceVersion "1"]
[SourceVersionDate "2024.10.14"]
[SourceQuality "1"]

1. d4 Nf6 2. Nc3 d6 3. Bf4 c6 4. e4 g6 5. Qd2 Bg7 6. f3 0-0 7. Bh6 e5 8. Bxg7 Kxg7 9. 0-0-0 Qc7 10. f4 exd4 11. Qxd4 Re8 12. Nf3 c5 13. Qxf6+ Kg8 14. Nd5 Qc6 15. Ne7+ Rxe7 16. Qxe7 Be6 17. Rxd6 Qxe4 18. Rd8+ Kg7 19. Qf8+ Kf6 20. Qh8+ Ke7 21. Qf8+ Kf6 22. Qxc5 Qxf4+ 23. Kb1 Nd7 24. Qc3+ Ke7 25. Rxa8 Qd6 26. Bc4 1-0

[Event "SVK-chT2A 2324"]
[Site "Slovakia"]
[Date "2024.03.17"]
[Round "11.8"]
[White "Nosal, Tobias"]
[Black "Povysil, Peter"]
[Result "1/2-1/2"]
[WhiteElo "1773"]
[BlackElo "1952"]
[PlyCount "108"]
[EventDate "2023.10.07"]
[EventType "team-tourn"]
[EventRounds "11"]
[EventCountry "SVK"]
[SourceTitle "EXT 2025"]
[Source "ChessBase"]
[SourceDate "2024.10.14"]
[SourceVersion "1"]
[SourceVersionDate "2024.10.14"]
[SourceQuality "1"]
[WhiteTeam "Pezinok"]
[BlackTeam "Krasnany"]
[WhiteTeamCountry "SVK"]
[BlackTeamCountry "SVK"]

1. d4 Nf6 2. Nc3 c5 3. d5 d6 4. e4 g6 5. Nf3 Bg7 6. Bb5+ Nbd7 7. a4 0-0 8. 0-0 a6 9. Be2 b6 10. Nd2 Bb7 11. Re1 Qc7 12. Nc4 Ne5 13. Nxe5 dxe5 14. Bc4 Ne8 15. Be3 Nd6 16. Qe2 Kh8 17. f3 Nxc4 18. Qxc4 Rac8 19. Rab1 Qd6 20. Ne2 f5 21. b4 cxb4 22. Qxb4 Qxb4 23. Rxb4 Rxc2 24. Rxb6 Bc8 25. Rc6 Rxc6 26. dxc6 Be6 27. Bb6 Bb3 28. a5 Kg8 29. Nc3 Kf7 30. Re2 Bh6 31. Rb2 Be6 32. Nd5 Bxd5 33. exd5 Bc1 34. Rb3 e4 35. Bc5 Kf6 36. Rb7 Re8 37. c7 Bf4 38. d6 exd6 39. Rb8 dxc5 40. c8Q Rxc8 41. Rxc8 Be3+ 42. Kf1 Ke5 43. Rc6 Bd2 44. Rxc5+ Kd4 45. Rc6 Bxa5 46. Rxa6 Bc7 47. Ra7 Bxh2 48. Rxh7 Bf4 49. Ke2 g5 50. Re7 Bg3 51. fxe4 fxe4 52. Rg7 Bf4 53. g3 Bxg3 54. Rxg5 Bf4 1/2-1/2

[Event "SVK-chT2A 2324"]
[Site "Slovakia"]
[Date "2024.03.16"]
[Round "10.8"]
[White "Goga, Frantisek"]
[Black "Nosal, Tobias"]
[Result "0-1"]
[WhiteElo "1726"]
[BlackElo "1773"]
[PlyCount "86"]
[EventDate "2023.10.07"]
[EventType "team-tourn"]
[EventRounds "11"]
[EventCountry "SVK"]
[SourceTitle "EXT 2025"]
[Source "ChessBase"]
[SourceDate "2024.10.14"]
[SourceVersion "1"]
[SourceVersionDate "2024.10.14"]
[SourceQuality "1"]
[WhiteTeam "Bratislava Doprastav II"]
[BlackTeam "Pezinok"]
[WhiteTeamCountry "SVK"]
[BlackTeamCountry "SVK"]

1. e4 e6 2. d4 d5 3. Nc3 dxe4 4. Nxe4 Bd7 5. Nf3 Bc6 6. Bd3 Nd7 7. 0-0 Ngf6 8. Bg5 Be7 9. Nxf6+ Bxf6 10. Bxf6 Qxf6 11. c3 Bxf3 12. Qxf3 Qxf3 13. gxf3 0-0-0 14. Rad1 c5 15. Bb5 cxd4 16. Rxd4 Ne5 17. Rxd8+ Rxd8 18. Kg2 Rd2 19. Re1 Ng6 20. Be8 Nh8 21. Rb1 a6 22. Kf1 Kc7 23. Ke1 Rd8 24. Ba4 f6 25. Bc2 Nf7 26. Ke2 g6 27. Bd3 Rd6 28. f4 Nd8 29. Rd1 Nc6 30. Bc2 Ne7 31. h4 Rxd1 32. Kxd1 Nd5 33. Ke2 Nxf4+ 34. Kf3 Nd5 35. Be4 Ne7 36. c4 b6 37. b4 Kd6 38. Bb7 Nc6 39. a3 a5 40. bxa5 Nxa5 41. Ba6 Kc5 42. Bc8 e5 43. h5 Nxc4 0-1

[Event "Bratislava exe op"]
[Site "Bratislava"]
[Date "2023.09.15"]
[Round "1"]
[White "Bartos, Jan"]
[Black "Nosal, Tobias"]
[Result "1-0"]
[WhiteElo "2123"]
[BlackElo "1511"]
[PlyCount "111"]
[EventDate "2023.09.15"]
[EventType "swiss"]
[EventRounds "9"]
[EventCountry "SVK"]
[SourceTitle "CBM 216 Extra"]
[Source "ChessBase"]
[SourceDate "2023.11.30"]
[SourceVersion "1"]
[SourceVersionDate "2023.11.30"]
[SourceQuality "1"]

1. d4 Nf6 2. Nf3 b6 3. g3 Bb7 4. Bg2 e6 5. c4 Be7 6. 0-0 0-0 7. Nc3 Ne4 8. Bd2 Nxd2 9. Qxd2 d5 10. cxd5 exd5 11. Rac1 Nd7 12. Rfd1 Bb4 13. a3 Bxc3 14. Rxc3 Rc8 15. b4 Re8 16. Qc2 Ba6 17. e3 Bc4 18. Ne5 Nxe5 19. dxe5 b5 20. Rxc4 bxc4 21. Rxd5 Qg5 22. Qxc4 Red8 23. Rxd8+ Qxd8 24. e6 fxe6 25. f4 c6 26. Qxe6+ Kh8 27. h4 Qe8 28. Qxe8+ Rxe8 29. Kf2 Rc8 30. Ke2 c5 31. b5 Rd8 32. Be4 c4 33. a4 c3 34. Bd3 h6 35. e4 Kg8 36. Bc4+ Kf8 37. Bd5 c2 38. Kd2 Rc8 39. Bc6 Ke7 40. Kxc2 Kd6 41. Kd3 Rd8 42. e5+ Ke6+ 43. Kc4 Rd1 44. a5 Rc1+ 45. Kd4 Rd1+ 46. Ke4 Re1+ 47. Kf3 Rc1 48. Kg4 Rc3 49. h5 g6 50. a6 gxh5+ 51. Kxh5 Rxg3 52. b6 axb6 53. a7 Kf5 54. a8Q Kxf4 55. Kxh6 Rg5 56. Qf8+ 1-0

[Event "Piestany Slovakia op-B"]
[Site "Piestany"]
[Date "2023.07.16"]
[Round "6"]
[White "Durana, Jonas"]
[Black "Nosal, Tobias"]
[Result "1-0"]
[WhiteElo "1991"]
[BlackElo "1652"]
[PlyCount "119"]
[EventDate "2023.07.11"]
[EventType "swiss"]
[EventRounds "9"]
[EventCountry "SVK"]
[SourceTitle "EXT 2024"]
[Source "ChessBase"]
[SourceDate "2023.10.10"]
[SourceVersion "1"]
[SourceVersionDate "2023.10.10"]
[SourceQuality "1"]

1. e4 e5 2. Nf3 Nf6 3. Nc3 Nc6 4. Bb5 Bc5 5. d3 d6 6. h3 h6 7. 0-0 0-0 8. Be3 Bb6 9. d4 Nxd4 10. Nxd4 exd4 11. Bxd4 Bxd4 12. Qxd4 Bd7 13. Be2 Re8 14. f4 Bc6 15. Bf3 Nh7 16. Nd5 Bxd5 17. Qxd5 c6 18. Qb3 Qb6+ 19. Kh1 Nf6 20. Qd3 Rad8 21. b3 Re7 22. Rfe1 Qc7 23. Rad1 Ree8 24. g4 Qa5 25. Rg1 Nh7 26. h4 g6 27. g5 h5 28. b4 Qc7 29. f5 Qe7 30. Qc4 Kh8 31. Rdf1 Qd7 32. Rg3 Qe7 33. Bg2 Qe5 34. Rd3 Re7 35. fxg6 fxg6 36. Qd4 Qxd4 37. Rxd4 Kg7 38. Rfd1 Re6 39. Bh3 Re7 40. c4 b6 41. c5 bxc5 42. bxc5 d5 43. exd5 cxd5 44. c6 Nf8 45. Rxd5 Ra8 46. Rc1 Rc7 47. Rb5 Kg8 48. Rb7 Rxb7 49. cxb7 Rb8 50. Rc7 a6 51. Bg2 a5 52. Rc8 Rxb7 53. Bxb7 Kf7 54. Bd5+ Ke7 55. Rc6 Kd7 56. Kg2 Ke7 57. Kf3 Kd7 58. Be4 Ne6 59. Rxe6 Kxe6 60. Bxg6 1-0

[Event "SVK-ch Blitz"]
[Site "Nitra"]
[Date "2022.10.29"]
[Round "8"]
[White "Nosal, Tobias"]
[Black "Janco, Darius"]
[Result "0-1"]
[WhiteElo "1501"]
[BlackElo "1897"]
[PlyCount "94"]
[EventDate "2022.10.29"]
[EventType "swiss"]
[EventRounds "13"]
[EventCountry "SVK"]
[SourceTitle "EXT 2024"]
[Source "ChessBase"]
[SourceDate "2023.10.10"]
[SourceVersion "1"]
[SourceVersionDate "2023.10.10"]
[SourceQuality "1"]

1. e4 c5 2. Nf3 d6 3. Bb5+ Nd7 4. a4 e5 5. 0-0 Be7 6. Re1 Ngf6 7. c3 a6 8. Bf1 0-0 9. d4 Qc7 10. dxe5 Nxe5 11. Nxe5 dxe5 12. Qe2 Be6 13. Bg5 h6 14. Bh4 Rad8 15. Bg3 Rd7 16. Nd2 Rfd8 17. Nc4 Bxc4 18. Qxc4 Nh5 19. Be2 Nxg3 20. hxg3 Rd2 21. b4 Bf8 22. Red1 Qc8 23. b5 axb5 24. axb5 Rxd1+ 25. Rxd1 Rxd1+ 26. Bxd1 Qa8 27. Kh2 Qd8 28. Qe2 Qf6 29. Qf3 Qd6 30. Qe2 b6 31. Bc2 g6 32. Qd3 Qf6 33. Qf3 Qe7 34. Qd3 h5 35. Qd5 h4 36. Qc6 hxg3+ 37. Kxg3 Qg5+ 38. Kh2 Qf4+ 39. Kg1 Qc1+ 40. Kh2 Qxc2 41. Qxb6 c4 42. Qb8 Qxe4 43. b6 Qf4+ 44. Kg1 Kg7 45. b7 Bc5 46. Qc7 Qxf2+ 47. Kh1 Qg1# 0-1

[Event "SVK-ch Blitz"]
[Site "Nitra"]
[Date "2022.10.29"]
[Round "13"]
[White "Nosal, Tobias"]
[Black "Mikula, Martin1"]
[Result "0-1"]
[WhiteElo "1501"]
[BlackElo "1702"]
[PlyCount "42"]
[EventDate "2022.10.29"]
[EventType "swiss"]
[EventRounds "13"]
[EventCountry "SVK"]
[SourceTitle "EXT 2024"]
[Source "ChessBase"]
[SourceDate "2023.10.10"]
[SourceVersion "1"]
[SourceVersionDate "2023.10.10"]
[SourceQuality "1"]

1. e4 Nc6 2. Nf3 f5 3. e5 d5 4. d4 g6 5. Nc3 e6 6. Be2 Bg7 7. 0-0 Nge7 8. Re1 0-0 9. Bf4 Qe8 10. Qd2 a6 11. h4 b5 12. a3 Rb8 13. Nh2 Bd7 14. Rad1 Nd8 15. Bh6 Nf7 16. Bxg7 Kxg7 17. f4 Ng8 18. h5 Qe7 19. Qe3 g5 20. fxg5 Qxg5 21. Rf1 Qxe3+ 0-1

[Event "Bratislava Slovakia op"]
[Site "Bratislava"]
[Date "2022.10.02"]
[Round "8"]
[White "Nosal, Tobias"]
[Black "Prochazka, Peter"]
[Result "0-1"]
[WhiteElo "1601"]
[BlackElo "1792"]
[PlyCount "146"]
[EventDate "2022.09.30"]
[EventType "swiss (rapid)"]
[EventRounds "9"]
[EventCountry "SVK"]
[SourceTitle "CBM 210 Extra"]
[Source "ChessBase"]
[SourceDate "2022.11.30"]
[SourceVersion "1"]
[SourceVersionDate "2022.11.30"]
[SourceQuality "1"]

1. d4 e6 2. c4 f5 3. Nc3 Nf6 4. g3 c6 5. Bg2 d5 6. Nf3 Bd6 7. 0-0 0-0 8. Re1 Ne4 9. e3 Bd7 10. Qc2 Be8 11. Ne2 Nd7 12. Nf4 Qe7 13. Bd2 Nxd2 14. Nxd2 Nf6 15. Rad1 b6 16. a3 a5 17. Rc1 Rb8 18. cxd5 exd5 19. Nf3 Ne4 20. Nd3 c5 21. Nf4 Bc6 22. Rcd1 c4 23. Bf1 b5 24. Nd2 Nf6 25. Nb1 b4 26. axb4 axb4 27. Bg2 Ra8 28. Qxf5 Ne4 29. Qe6+ Rf7 30. Qxe7 Rxe7 31. Nd2 Nf6 32. Ra1 Rea7 33. Rab1 Ra2 34. e4 Bxf4 35. gxf4 c3 36. bxc3 Rxd2 37. exd5 Bxd5 38. cxb4 Rxd4 39. b5 Rxf4 40. b6 Rg4 41. b7 Rxg2+ 42. Kf1 Rb8 43. Re7 Rxh2 44. Rc7 Rh1+ 45. Ke2 Rxb1 46. Rc8+ Kf7 47. Rxb8 Rxb7 48. Rc8 Rb2+ 49. Ke3 Be6 50. Rc7+ Kg6 51. Rc6 Bd7 52. Rc4 Ng4+ 53. Kd4 Rxf2 54. Rc7 Nf6 55. Rc3 Rd2+ 56. Kc4 Be6+ 57. Kb5 Rd5+ 58. Kc6 Bd7+ 59. Kb7 h5 60. Rg3+ Bg4 61. Rg1 h4 62. Rh1 h3 63. Rh2 Kg5 64. Kc6 Kh4 65. Kb6 Kg3 66. Rh1 Bf3 67. Rc1 h2 68. Re1 h1Q 69. Rxh1 Bxh1 70. Kb7 Rc5+ 71. Kb6 Rc8 72. Ka6 Rb8 73. Ka5 Kf4 0-1

[Event "Bratislava Slovakia op"]
[Site "Bratislava"]
[Date "2022.09.30"]
[Round "2"]
[White "Melih, Mario"]
[Black "Nosal, Tobias"]
[Result "1-0"]
[WhiteElo "1633"]
[BlackElo "1601"]
[PlyCount "115"]
[EventDate "2022.09.30"]
[EventType "swiss (rapid)"]
[EventRounds "9"]
[EventCountry "SVK"]
[SourceTitle "CBM 210 Extra"]
[Source "ChessBase"]
[SourceDate "2022.11.30"]
[SourceVersion "1"]
[SourceVersionDate "2022.11.30"]
[SourceQuality "1"]

1. e4 c5 2. Nf3 Nc6 3. d4 cxd4 4. Nxd4 Nf6 5. Nc3 e5 6. Ndb5 d6 7. Bg5 a6 8. Na3 b5 9. Nd5 Be7 10. Bxf6 Bxf6 11. c4 b4 12. Nc2 0-0 13. Ncxb4 Nxb4 14. Nxb4 Qb6 15. Qd2 Rb8 16. a3 a5 17. Nd3 Ba6 18. Rc1 Rfc8 19. b4 Bxc4 20. bxa5 Qb3 21. Be2 h6 22. g3 Bg5 23. f4 exf4 24. gxf4 Bh4+ 25. Nf2 Bxe2 26. Kxe2 Qxa3 27. Ra1 Qb2 28. Nd3 Qd4 29. Qe3 Rc2+ 30. Kf3 Qc4 31. a6 Ra8 32. a7 Qc7 33. Rhb1 Rc3 34. Kg4 Bf6 35. Qb6 Qxb6 36. Rxb6 Rcc8 37. Raa6 Be7 38. Nb4 Kh7 39. Nd5 Bf8 40. Rb7 Kg8 41. Nb6 Rxa7 42. Raxa7 Rc1 43. Rxf7 Rg1+ 44. Kf3 Rf1+ 45. Ke2 Rb1 46. Nd5 Rb2+ 47. Kf3 Rxh2 48. Rfd7 Rh3+ 49. Kg4 Rh1 50. Ra8 Rg1+ 51. Kf3 Rf1+ 52. Ke2 Rg1 53. Rdd8 Kh7 54. Rxf8 Rg2+ 55. Kf3 Rg1 56. f5 Rg3+ 57. Kxg3 g6 58. Ra7# 1-0

[Event "Piestany Augustus Cup"]
[Site "Piestany"]
[Date "2022.07.15"]
[Round "6"]
[White "Nosal, Tobias"]
[Black "Dolnik, Michal"]
[Result "0-1"]
[WhiteElo "1244"]
[BlackElo "1399"]
[PlyCount "146"]
[EventDate "2022.07.15"]
[EventType "swiss (rapid)"]
[EventRounds "7"]
[EventCountry "SVK"]
[SourceTitle "CBM 209 Extra"]
[Source "ChessBase"]
[SourceDate "2022.09.30"]
[SourceVersion "1"]
[SourceVersionDate "2022.09.30"]
[SourceQuality "1"]

1. e4 e5 2. Nf3 Nc6 3. Bc4 Bc5 4. d3 h6 5. c3 Nf6 6. a4 a5 7. 0-0 d6 8. h3 Be6 9. Bxe6 fxe6 10. Re1 0-0 11. d4 exd4 12. cxd4 Bb4 13. Bd2 d5 14. Bxb4 Nxb4 15. exd5 exd5 16. Nc3 Qd7 17. Qd2 Qf5 18. Re5 Qd7 19. Rae1 Nc6 20. R5e2 Nh5 21. Ne5 Nxe5 22. Rxe5 Nf4 23. R1e3 Ra6 24. Rf3 Raf6 25. Qe3 Ng6 26. Rxf6 Rxf6 27. Rxd5 Qc6 28. Rc5 Qd7 29. Rd5 Qf7 30. Rd8+ Kh7 31. Ne2 Re6 32. Qd3 Qe7 33. Nf4 Re1+ 34. Kh2 Qxd8 35. Qxg6+ Kh8 36. d5 Qd6 37. Qxd6 cxd6 38. g3 Rb1 39. Nd3 Rd1 40. Nf4 Rd2 41. b3 Rxf2+ 42. Kg1 Rf3 43. Kg2 Rxb3 44. Ng6+ Kh7 45. Nf8+ Kg8 46. Ne6 Ra3 47. Nd8 Rxa4 48. Nxb7 Ra2+ 49. Kf3 a4 50. Nxd6 Rd2 51. Ke4 a3 52. Nc4 Ra2 53. d6 Re2+ 54. Kd3 a2 55. d7 a1Q 56. d8Q+ Kh7 57. Kxe2 Qa2+ 58. Qd2 Qxc4+ 59. Qd3+ Qxd3+ 60. Kxd3 Kg6 61. Ke4 Kg5 62. Ke3 h5 63. Kf3 Kf5 64. g4+ hxg4+ 65. hxg4+ Kg5 66. Kg3 g6 67. Kh3 Kf4 68. Kh2 Kxg4 69. Kg2 g5 70. Kg1 Kg3 71. Kf1 Kh2 72. Kf2 g4 73. Kf1 g3 0-1

[Event "Piestany Augustus Cup"]
[Site "Piestany"]
[Date "2022.07.15"]
[Round "7"]
[White "Nosal, Tobias"]
[Black "Pekarcik, Peter"]
[Result "0-1"]
[WhiteElo "1244"]
[BlackElo "1779"]
[PlyCount "48"]
[EventDate "2022.07.15"]
[EventType "swiss (rapid)"]
[EventRounds "7"]
[EventCountry "SVK"]
[SourceTitle "CBM 209 Extra"]
[Source "ChessBase"]
[SourceDate "2022.09.30"]
[SourceVersion "1"]
[SourceVersionDate "2022.09.30"]
[SourceQuality "1"]

1. e4 e5 2. Nf3 Nc6 3. Bc4 Be7 4. d4 d6 5. dxe5 dxe5 6. 0-0 Nf6 7. Nc3 Bg4 8. Qxd8+ Rxd8 9. Be3 0-0 10. Ng5 Nd4 11. Nxf7 Rxf7 12. Bxf7+ Kxf7 13. Rac1 c6 14. f3 Be6 15. a3 b5 16. f4 Bc4 17. Rfd1 Ng4 18. Bxd4 exd4 19. Nb1 Bc5 20. Kh1 Nf2+ 21. Kg1 Nxd1 22. Rxd1 d3+ 23. Kh1 dxc2 24. Rxd8 cxb1Q+ 0-1

[Event "Piestany Slovakia op-B"]
[Site "Piestany"]
[Date "2022.07.14"]
[Round "5"]
[White "Kapolkova, Greta"]
[Black "Nosal, Tobias"]
[Result "1-0"]
[WhiteElo "1727"]
[BlackElo "1000"]
[PlyCount "47"]
[EventDate "2022.07.11"]
[EventType "swiss"]
[EventRounds "9"]
[EventCountry "SVK"]
[SourceTitle "CBM 209 Extra"]
[Source "ChessBase"]
[SourceDate "2022.09.30"]
[SourceVersion "1"]
[SourceVersionDate "2022.09.30"]
[SourceQuality "1"]

1. e4 e5 2. Nf3 Nc6 3. Nc3 Nf6 4. Bb5 Bc5 5. Nxe5 Nxe5 6. d4 Bd6 7. dxe5 Bxe5 8. 0-0 0-0 9. Re1 Re8 10. Bd3 Bxc3 11. bxc3 d6 12. Qf3 Bg4 13. Qg3 Bh5 14. Bg5 Kh8 15. Qh4 Bg6 16. f4 h6 17. e5 dxe5 18. fxe5 Qd5 19. Bxf6 Qc5+ 20. Kh1 gxf6 21. Bxg6 fxg6 22. Qxh6+ Kg8 23. Qxg6+ Kh8 24. Re4 1-0

[Event "Piestany Slovakia op-B"]
[Site "Piestany"]
[Date "2022.07.13"]
[Round "3"]
[White "Nosal, Tobias"]
[Black "Zeman, Jan"]
[Result "1-0"]
[WhiteElo "1000"]
[BlackElo "1719"]
[PlyCount "89"]
[EventDate "2022.07.11"]
[EventType "swiss"]
[EventRounds "9"]
[EventCountry "SVK"]
[SourceTitle "CBM 209 Extra"]
[Source "ChessBase"]
[SourceDate "2022.09.30"]
[SourceVersion "1"]
[SourceVersionDate "2022.09.30"]
[SourceQuality "1"]

1. e4 c5 2. Nf3 Nc6 3. Bb5 a6 4. Bxc6 dxc6 5. d3 g6 6. 0-0 Bg7 7. Nc3 Nf6 8. Be3 b6 9. h3 0-0 10. Qd2 e6 11. Bh6 Qc7 12. Bxg7 Kxg7 13. Nh4 Qd8 14. Nf3 Nd7 15. Nh2 f5 16. f4 Nf6 17. Qe3 Bb7 18. Rae1 Qc7 19. exf5 exf5 20. Qe7+ Rf7 21. Qxc7 Rxc7 22. Na4 Nd5 23. Re2 Rd8 24. Rfe1 Kh6 25. g3 a5 26. Nf3 Ba6 27. Ne5 Bb5 28. Nc3 Nxc3 29. bxc3 Rd6 30. Rb1 Rb7 31. Kf2 Kg7 32. Rbe1 Re6 33. Nf3 Rxe2+ 34. Rxe2 c4 35. d4 Rc7 36. Ng5 Rd7 37. g4 fxg4 38. hxg4 h6 39. Nf3 Ba6 40. Re6 Rf7 41. Kg3 Bb5 42. Ne5 Rf6 43. Re7+ Kf8 44. Rh7 g5 45. Nd7+ 1-0